النحو الواضح في قواعد اللغة العربية للمدارس الثانوية / (Record no. 25803)
[ view plain ]
| 000 -LEADER | |
|---|---|
| fixed length control field | 00675nam a22002177a 4500 |
| 005 - DATE AND TIME OF LATEST TRANSACTION | |
| control field | 20251108165342.0 |
| 008 - FIXED-LENGTH DATA ELEMENTS--GENERAL INFORMATION | |
| fixed length control field | 250721s1975 xx 000 0 ara d |
| 082 14 - DEWEY DECIMAL CLASSIFICATION NUMBER | |
| Classification number | 415.1/جار |
| 100 1# - MAIN ENTRY--PERSONAL NAME | |
| Personal name | الجارم، علي |
| 245 10 - TITLE STATEMENT | |
| Title | النحو الواضح في قواعد اللغة العربية للمدارس الثانوية / |
| 264 1# - PRODUCTION, PUBLICATION, DISTRIBUTION, MANUFACTURE, AND COPYRIGHT NOTICE | |
| Place of production, publication, distribution, manufacture | القاهرة : |
| Name of producer, publisher, distributor, manufacturer | دار المعارف، |
| Date of production, publication, distribution, manufacture, or copyright notice | 1975. |
| 300 ## - PHYSICAL DESCRIPTION | |
| Extent | 3ج |
| 650 17 - SUBJECT ADDED ENTRY--TOPICAL TERM | |
| Topical term or geographic name as entry element | اللغة العربية |
| 650 17 - SUBJECT ADDED ENTRY--TOPICAL TERM | |
| Topical term or geographic name as entry element | قواعد اللغة |
| 650 17 - SUBJECT ADDED ENTRY--TOPICAL TERM | |
| Topical term or geographic name as entry element | الأفعال (نحو) |
| 650 17 - SUBJECT ADDED ENTRY--TOPICAL TERM | |
| Topical term or geographic name as entry element | الأسماء |
| 650 17 - SUBJECT ADDED ENTRY--TOPICAL TERM | |
| Topical term or geographic name as entry element | علم الصرف |
| 700 1# - ADDED ENTRY--PERSONAL NAME | |
| Personal name | أمين، مصطفى |
| 942 ## - ADDED ENTRY ELEMENTS (KOHA) | |
| Source of classification or shelving scheme | Dewey Decimal Classification |
| Koha item type | Books |
| حالة السحب | حالة الفقدان | مصدر التصنيف | حالة التلف | غير قابل للإعارة | المكتبة الرئيسية | المكتبة الحالية | موقع الرف | تاريخ التزويد | الرقم المتسلسل | Total Checkouts | رقم الإستدعاء | الباركود | تاريخ آخر ظهور | تاريخ الفاتورة | نوع المادة (كوها) |
|---|---|---|---|---|---|---|---|---|---|---|---|---|---|---|---|
| Dewey Decimal Classification | المكتبة المركزية | المكتبة المركزية | 28/07/2025 | 1759534 | 415.1/جار | 28/07/2025 | 28/07/2025 | Books | |||||||
| Dewey Decimal Classification | Unchecked | مكتبة أبو علندا العامة | مكتبة أبو علندا العامة | الإعارة | 06/07/2004 | 491833 | 415.1/جار | 28/07/2025 | 06/07/2004 | Books | |||||
| Dewey Decimal Classification | مكتبة أم قصير والمقابلين العامة | مكتبة أم قصير والمقابلين العامة | الإعارة | 06/07/2004 | 491832 | 415.1/جار | 491832 | 28/07/2025 | 06/07/2004 | Books | |||||
| Dewey Decimal Classification | Unchecked | مكتبة الاميرة بديعة | مكتبة الاميرة بديعة | الإعارة | 06/07/2004 | 491797 | 415.1/جار | 28/07/2025 | 06/07/2004 | Books | |||||
| Dewey Decimal Classification | مكتبة البراءة للأطفال | مكتبة البراءة للأطفال | الإعارة | 28/07/2025 | 491780 | 415.1/جار | 491780 | 28/07/2025 | 28/07/2025 | Books | |||||
| Dewey Decimal Classification | مكتبة الجويدة | مكتبة الجويدة | الإعارة | 27/08/2015 | 491828 | 415.1/جار | PLD00343298 | 28/07/2025 | 27/08/2015 | Books | |||||
| Dewey Decimal Classification | Unchecked | مكتبة النصر العامة | مكتبة النصر العامة | الإعارة | 28/07/2025 | 491787 | 415.1/جار | 28/07/2025 | 28/07/2025 | Books | |||||
| Dewey Decimal Classification | مكتبة حمزة العامة | مكتبة حمزة العامة | الإعارة | 06/07/2004 | 491800 | 415.1/جار | 491800 | 28/07/2025 | 06/07/2004 | Books | |||||
| Dewey Decimal Classification | مكتبة حمزة العامة | مكتبة حمزة العامة | الإعارة | 06/07/2004 | 491770 | 415.1/جار | 491770 | 28/07/2025 | 06/07/2004 | Books | |||||
| Dewey Decimal Classification | مكتبة حمزة العامة | مكتبة حمزة العامة | الإعارة | 06/07/2004 | 491830 | 415.1/جار | 491830 | 28/07/2025 | 06/07/2004 | Books | |||||
| Dewey Decimal Classification | مكتبة صويلح العامة | مكتبة صويلح العامة | الإعارة | 06/07/2004 | 491765 | 415.1/جار | 491765 | 28/07/2025 | 06/07/2004 | Books | |||||
| Dewey Decimal Classification | مكتبة صويلح العامة | مكتبة صويلح العامة | الإعارة | 06/07/2004 | 491795 | 415.1/جار | 491795 | 28/07/2025 | 06/07/2004 | Books |